North Atlantic Treaty Organization (NATO) Member States - Statistics

General Stats
  • This quiz has been taken 50 times
  • The average score is 27 of 29
Answer Stats
Answer % Correct
France
100%
Italy
100%
United States
100%
Canada
98%
Germany
98%
Norway
98%
Portugal
98%
Spain
98%
United Kingdom
98%
Belgium
95%
Czechia
95%
Denmark
95%
Latvia
95%
Lithuania
95%
Poland
95%
Bulgaria
93%
Estonia
93%
Hungary
93%
Romania
93%
Slovakia
93%
Greece
90%
Slovenia
90%
Turkey
90%
Croatia
88%
Iceland
86%
Netherlands
86%
Luxembourg
81%
Montenegro
71%
Albania
67%
No matching quizzes found
Score Distribution
Percent of People with Each Score
Percentile by Number Answered
Your Score History
You have not taken this quiz